000 00743nam a2200253 a 4500
008
020 _a0205057349
049 _aMAIN
090 _aHA29
100 1 _aHuntsberger, David V.
245 1 0 _aElements of statistical inference /
_cDavid V. Huntsberger, Patrick Billingsley.
250 _a4th ed.
260 _aBoston :
_bAllyn and Bacon,
_cc1977.
300 _aix, 385 p. :
_bill. (some col.) ;
_c25 cm.
504 _aIncludes bibliographical references.
500 _aIncludes index.
650 0 _aStatistics.
700 1 _aBillingsley, Patrick.
907 _a.b10078551
_b21-06-03
_c21-06-03
003
005 20230123133304.0
040 _cNUST
942 _cBOOKS
_kHA29
999 _c146011
_d146011